000 00675nam a2200253Ia 4500
003 OSt
005 20221007071652.0
006 a|||||r|||| 00| 0
007 ta
008 221006b |||||||| |||| 00| 0 eng d
024 _a12,721
037 _cTextual
040 _aFLL
_cFLL
_beng
041 _2eng
_aeng
082 _aV3:26:N2, F9.1
100 _aSidney Au.
_9689180
245 0 _aEnglish poor law policy
260 _aLondon
_bFrank cass and co. ltd. London
_c1963
300 _a379p
_ccm.
490 _vVol.1
700 _a Beatrice Au.
_9689181
942 _hV3:26:N2, F9.1
_cTEXL
_2CC
999 _c1143930
_d1143930